Эксплуатация и мониторинг систем и сооружений природообустройства и водопользования: учебное пособие

Bibliographic Details
Main Author: Савичев О. Г. Олег Геннадьевич
Corporate Author: Национальный исследовательский Томский политехнический университет (ТПУ) Институт природных ресурсов (ИПР) Кафедра гидрогеологии, инженерной геологии и гидрогеоэкологии (ГИГЭ)
Other Authors: Попов В. К. Виктор Константинович, Кузеванов К. И. Константин Иванович
Summary:Заглавие с титульного экрана
Электронная версия печатной публикации
В пособии рассмотрены цели и задачи эксплуатации систем и сооружений природообустройства и водопользования, требования к безопасности гидротехнических сооружений и способы ее достижения. Изложены сведения об основных видах систем и сооружений природообустройства и водопользования. Приведены требования к содержанию мониторинга гидротехнических сооружений. Предназначено для студентов вузов, обучающихся по направлению 280100 "Природообустройство и водопользование", и специалистов в области природообустройства, водного хозяйства, гидрологии, гидрогеологии, гидрохимии, геоэкологии.
Режим доступа: из корпоративной сети ТПУ
Language:Russian
Published: Томск, Изд-во ТПУ, 2013
Subjects:
Online Access:http://www.lib.tpu.ru/fulltext2/m/2014/m288.pdf
Format: Electronic Book
KOHA link:https://koha.lib.tpu.ru/cgi-bin/koha/opac-detail.pl?biblionumber=267702

MARC

LEADER 00000nlm0a2200000 4500
001 267702
005 20240122093734.0
035 |a (RuTPU)RU\TPU\book\290774 
090 |a 267702 
100 |a 20140804d2013 m y0rusy50 ca 
101 0 |a rus 
102 |a RU 
105 |a a j 001zy 
135 |a drcn ---uucaa 
181 0 |a i  
182 0 |a b 
200 1 |a Эксплуатация и мониторинг систем и сооружений природообустройства и водопользования  |e учебное пособие  |f О. Г. Савичев, В. К. Попов, К. И. Кузеванов  |g Национальный исследовательский Томский политехнический университет (ТПУ) 
203 |a Текст  |c электронный 
210 |a Томск  |c Изд-во ТПУ  |d 2013 
300 |a Заглавие с титульного экрана 
300 |a Электронная версия печатной публикации 
330 |a В пособии рассмотрены цели и задачи эксплуатации систем и сооружений природообустройства и водопользования, требования к безопасности гидротехнических сооружений и способы ее достижения. Изложены сведения об основных видах систем и сооружений природообустройства и водопользования. Приведены требования к содержанию мониторинга гидротехнических сооружений. Предназначено для студентов вузов, обучающихся по направлению 280100 "Природообустройство и водопользование", и специалистов в области природообустройства, водного хозяйства, гидрологии, гидрогеологии, гидрохимии, геоэкологии. 
333 |a Режим доступа: из корпоративной сети ТПУ 
337 |a Adobe Reader 
606 1 |a Водоснабжения системы  |x Эксплуатация  |2 stltpush  |3 (RuTPU)RU\TPU\subj\3050  |9 31514 
606 1 |a Гидротехнические сооружения  |x Эксплуатация  |2 stltpush  |3 (RuTPU)RU\TPU\subj\6925  |9 34690 
610 1 |a электронный ресурс 
610 1 |a учебные пособия 
610 1 |a труды учёных ТПУ 
610 1 |a природообустройство 
610 1 |a водопользование 
610 1 |a объекты 
610 1 |a жизненный цикл 
610 1 |a целевое назначение 
610 1 |a водозаборы 
610 1 |a очистные сооружения 
610 1 |a мелиоративные системы 
610 1 |a надежность 
610 1 |a безопасность 
610 1 |a мониторинг 
610 1 |a обследование 
610 1 |a учебные планы 
675 |a 628.1(075.8)  |v 3 
675 |a 627.8.05(075.8)  |v 3 
700 1 |a Савичев  |b О. Г.  |c геолог  |c профессор Томского политехнического университета, доктор географических наук  |f 1967-  |g Олег Геннадьевич  |3 (RuTPU)RU\TPU\pers\25454  |9 11394 
701 1 |a Попов  |b В. К.  |c геолог  |c профессор Томского политехнического университета, доктор геолого-минералогических наук  |f 1945-  |g Виктор Константинович  |3 (RuTPU)RU\TPU\pers\28185 
701 1 |a Кузеванов  |b К. И.  |c геолог  |c доцент Томского политехнического университета, кандидат геолого-минералогических наук  |f 1955-  |g Константин Иванович  |3 (RuTPU)RU\TPU\pers\26077  |9 11915 
712 0 2 |a Национальный исследовательский Томский политехнический университет (ТПУ)  |b Институт природных ресурсов (ИПР)  |b Кафедра гидрогеологии, инженерной геологии и гидрогеоэкологии (ГИГЭ)  |3 (RuTPU)RU\TPU\col\18664 
801 1 |a RU  |b 63413507  |c 20140804 
801 2 |a RU  |b 63413507  |c 20160617  |g RCR 
856 4 |u http://www.lib.tpu.ru/fulltext2/m/2014/m288.pdf 
942 |c CF